000 01254aam a2200325 i 4500
001 768714001
003 CO-MdFUSB
005 20210918063849.0
007 ta
008 201216t1989 nyu |||| |||| 00| 0 eng d
020 _a0195074718
040 _bspa.
_aCO-MdFUSB
_cCO-MdFUSB
_dCO-MdFUSBC
_erda
041 _aeng
082 _223
_a174.4
_bD676
100 1 _aDonaldson, Thomas
_eautor
245 1 4 _aThe ethics of international business
_c/ Thomas Donaldson
264 1 _aNew York :
_bOxford University Press,
_c[1989]
264 4 _c© 1989
300 _a196 páginas
_c; 24 cm
336 _atexto
_btxt
_2rdacontent
337 _2rdamedia
_asin mediación
_bn
338 _2rdacarrier
_avolumen
_bnc
505 _aLa falta de realismo: Las obligaciones más allá de las fronteras internacionales - La corporación global - Los fundamentos morales de las multinacionales - Los derechos y deberes fundamentales multinacionales - La toma de decisiones multinacional: La conciliación de los valores internacionales - La ética del riesgo: Las lecciones de Bhopal - Desinversión
563 _aRústico
650 7 _aÉtica social.
_2
_9186
653 _aÉtica de los negocios.
942 _cBK
945 _aJTF-925
999 _c45391
_d45391